Pirane

Bibliographic Details
Main Author: Robbins, Harold, 1916-1997 (Author)
Other Authors: Krčméryová, Anna (Translator)
Format: Book
Language:Slovak
English
PhysicalDescription:238 strán 21 cm
Published: Ružomberok Epos 2003
ISBN:8088977916
Edition:1. vyd.
Series:Beletria
Subjects:

MARC

LEADER 00000cam a2200000 a 4500
001 vtls001465763
003 SK-MaSNL
005 20260302073248.0
008 240226s2003 xo gr 000 f slo
015 |a SNBA2004/09-05125 
020 |a 8088977916  |q (viazané) 
035 |a SNK000421068 
035 |a urn:nbn:sk:snk-am3j1xl 
035 |a 5E0C9577-09DD-4371-B928-C49E1ADDB83E 
035 |a urn:nbn:sk:snk-am00ggp7 
040 |a SNK  |b slo  |c SNK  |e AACR2 
041 1 |a slo  |h eng 
044 |a xo  |c SK 
072 7 |a 821.111(73)-3  |x Americká próza  |2 konspekt 
080 |a 821.111 (100)-3  |2 1997 
080 |a 821.111(73)-31  |2 2011 
080 |a 82-311.4  |2 2011 
080 |a 821-311.3  |2 2011 
100 1 |a Robbins, Harold,  |d 1916-1997  |4 aut  |9 205172 
240 1 4 |a The piranhas  |l Slovensky 
245 1 0 |a Pirane  |c Harold Robbins ; [z anglického originálu The piranhas preložila Anna Krčméryová] 
250 |a 1. vyd. 
260 |a Ružomberok  |b Epos  |c 2003 
300 |a 238 strán  |c 21 cm 
490 1 |a Beletria  |v 20. 
655 7 |a americké romány  |2 SNKPH  |9 1174 
655 7 |a spoločenské romány  |2 SNKPH  |9 70538 
655 7 |a dobrodružné romány  |2 SNKPH  |9 70486 
700 1 |a Krčméryová, Anna  |4 trl  |9 737458 
830 0 |a Beletria  |9 294194 
919 |a 80-88977-91-6 
958 |a TL 
958 |a LX 
958 |a UP 
999 |c 1160126  |d 1162056 
952 |t P60, <03>, [BOOK], {603}  |a SNK  |b SNK  |y PREZ  |7 0  |p 17A0408348  |o snkSC 114128  |i snkKSP 85/2004  |0 0  |1 0  |4 0  |d 2004-01-08  |f 1  |l 0  |r 2025-10-03 00:00:00  |w 2026-02-24 
952 |t P60, <04>, [BOOK], {604}  |a SNK  |b SNK  |y VYP  |7 0  |p 17A0408352  |o snkSC 114128 D1  |i snkKSP 86/2004  |0 0  |1 0  |4 0  |d 2004-01-08  |l 0  |r 2005-01-02 00:00:00  |w 2026-02-24